000 00807 am a2200277ua 4500
999 _c2675
_d2675
001 009414919
003 OSt
005 20230809152316.0
008 020304s2002 enkab || 001 ||eng
020 _a9780521798082 (pbk.) :
039 0 _a2682
040 _aStDuBDS
_cKH8
082 0 4 _a909.825 SEW
100 1 _aSewell, Mike.
_eauthor,
245 1 4 _aThe Cold War /
_cMike Sewell.
260 _aCambridge :
_bCambridge University Press,
_c2002.
300 _av, 154 p. :
_bill., maps ;
_c5.99 x 0.37 x 9.02 inches
336 _atext
_2rdacontent
337 _aunmediated
_2rdamedia
338 _avolume
_2rdacarrier
490 0 _aCambridge perspectives in history
500 _aIncludes index.
504 _aIncludes bibliographical references and index.
650 0 _aCold War.
942 _2ddc
_cTR